00944cam a22002657i 4500999001900000001000900019005001700028008004100045020001800086020001500104040001300119082002700132100002200159245007300181250001200254260003600266300005400302650002800356650004600384650005400430650005500484650002800539942000700567952010400574 c130098d1300982120563120230121115701.0190913s2019 paua b 001 0 eng  a9780323710657 a0323710654 cPK-LaUMT04a617.5820592223bSCO-T1 aScott, Richard D.10aTotal knee arthroplasty :ba technique manual /cby Richard D. Scott a3rd ed. aPhiladelphia :bElsevier,c2020 aix, 133 p. :billustrations (some color) ;c29 cm 0aTotal knee replacement.12aArthroplasty, Replacement, Kneexmethods.22aArthroplasty, Replacement, Kneexadverse effects.22aPostoperative Complicationsxprevention & control. 7aTotal knee replacement. cBK 00104070aHSCbHSCd2023-01-21l0o617.5820592 SCO-Tp144445r2023-01-21 00:00:00w2023-01-21yBK